| 000 | 00494nam a2200193Ia 4500 | ||
|---|---|---|---|
| 005 | 20250425161113.0 | ||
| 008 | 250425s9999 xx 000 0 und d | ||
| 041 | _afre | ||
| 043 | _afr | ||
| 082 | _a671.2 | ||
| 110 | _aCENTRE TECHNIQUE DES INDUSTRIES DE LA FONDERIE | ||
| 245 | 0 | _aFABRICATION DE LA FONTE A GRAPHITE SPHEROIDAL PAR LES PROCEDES AU MAGNESIUM | |
| 250 | _aS.E. | ||
| 260 |
_aFrancia _bS.E. _c1984 |
||
| 260 | _aPARIS | ||
| 300 | _a52 | ||
| 942 | _c01 | ||
| 010 | _a12768 | ||
| 999 |
_c202511 _d202511 |
||